Weaponised finance and the tariff war (Record no. 533788)
[ view plain ]
| 000 -LEADER | |
|---|---|
| fixed length control field | 00881nam a22001337a 4500 |
| 008 - FIXED-LENGTH DATA ELEMENTS--GENERAL INFORMATION | |
| fixed length control field | 260624b ||||| |||| 00| 0 eng d |
| 100 ## - MAIN ENTRY--PERSONAL NAME | |
| Personal name | Kumar, Anoop S. |
| 245 ## - TITLE STATEMENT | |
| Title | Weaponised finance and the tariff war |
| 260 ## - PUBLICATION, DISTRIBUTION, ETC. (IMPRINT) | |
| Place of publication, distribution, etc | Economic & Political Weekly |
| 300 ## - PHYSICAL DESCRIPTION | |
| Extent | 61(23), Jun 6, 2026: p.14-17 |
| 520 ## - SUMMARY, ETC. | |
| Summary, etc | Punitive tariffs, secondary sanctions, and control over payment networks form a continuum of coercive statecraft. India’s options to reduce exposure may present themselves through alternative payment systems and bilateral currency arrangements. A more autonomous financial architecture may mitigate vulnerability, yet building it presents significant technical, economic, and diplomatic challenges.- Reproduced https://www.epw.in/journal/2026/23/commentary/weaponised-finance-and-tariff-war.html |
| 773 ## - HOST ITEM ENTRY | |
| Main entry heading | Economic & Political Weekly |
| 942 ## - ADDED ENTRY ELEMENTS (KOHA) | |
| Item type | Articles |
| Withdrawn status | Lost status | Source of classification or shelving scheme | Damaged status | Not for loan | Permanent location | Current location | Date acquired | Serial Enumeration / chronology | Barcode | Date last seen | Koha item type |
|---|---|---|---|---|---|---|---|---|---|---|---|
| Indian Institute of Public Administration | Indian Institute of Public Administration | 2026-06-24 | 61(23), Jun 6, 2026: p.14-17 | AR139250 | 2026-06-24 | Articles |
